Moja cesta : Z Novosvetskej ulice do Nového sveta /
Na minha lista:
| Autor principal: | |
|---|---|
| Formato: | Livro |
| Idioma: | eslovaco |
| Publicado em: |
Martin :
Vydavateľstvo Matice slovenskej,
2014
|
| Edição: | 1. vydanie |
| Assuntos: | |
| Tags: |
Sem tags, seja o primeiro a adicionar uma tag!
|
MARC
| LEADER | 00000nam a22000003a 4500 | ||
|---|---|---|---|
| 001 | 0080322 | ||
| 003 | SK-STU | ||
| 005 | 20200211143528.3 | ||
| 007 | ta | ||
| 008 | 200211s ----xo-----e------000-0-----d | ||
| 020 | |a 978-80-8115-167-5 | ||
| 040 | |a STU |b slo | ||
| 041 | 0 | |a slo | |
| 044 | |a xo | ||
| 100 | 1 | |a Lizoň, Peter |4 aut | |
| 245 | 1 | 0 | |a Moja cesta : |b Z Novosvetskej ulice do Nového sveta / |c aut. Peter Lizoň |
| 250 | |a 1. vydanie | ||
| 260 | |a Martin : |b Vydavateľstvo Matice slovenskej, |c 2014 | ||
| 300 | |a 184 s. | ||
| 650 | 0 | 7 | |a architekti slovenskí |
| 650 | 0 | 7 | |a architektúra americká |
| 650 | 0 | 7 | |a architektonické dielo |
| 650 | 0 | 7 | |a Neutra, Richard -o ňom |
| 650 | 0 | 7 | |a architektúra sovietska |
| 650 | 0 | 7 | |a Kahn, Louis |
| 650 | 0 | 7 | |a Vladimír Karfík |
| 996 | |b 284AU08308 |c A* 11568/U |l AAKNAR |s A |a 24 |w 0080322_0001 | ||